Posúdenie miery koncentrácie vo vybranom výrobnom odvetví v prostredí Slovenskej republiky bakalárska práca

Guardado en:
Detalles Bibliográficos
Autor principal: Žiška, Martin
Autor Corporativo: Fakulta podnikového manažmentu EU. Katedra podnikovohospodárska
Otros Autores: Hojdik, Vladimír, 1992-
Formato: Libro
Lenguaje:eslovaco
Publicado: Bratislava 2023
Etiquetas: Agregar Etiqueta
Sin Etiquetas, Sea el primero en etiquetar este registro!

MARC

LEADER 00000nbm a2200000 4500
001 0293563
005 20240423100457.0
041 0 |a slo 
044 |a SK 
245 1 0 |a Posúdenie miery koncentrácie vo vybranom výrobnom odvetví v prostredí Slovenskej republiky  |b bakalárska práca  |c Martin Žiška ; školiteľ: Vladimír Hojdik 
264 1 |a Bratislava  |c 2023 
300 |a 42 s. 
100 1 |a Žiška, Martin 
700 1 |a Hojdik, Vladimír, 1992- 
710 2 |a Fakulta podnikového manažmentu EU. Katedra podnikovohospodárska